| 000 | 00000nam 2200000zi 4500 |
| 001 | 9.901790 |
| 003 | CaOODSP |
| 005 | 20221107175755 |
| 006 | m o d f |
| 007 | cr cn||||||||| |
| 008 | 210719t20212021qucab ob f000 0 fre d |
| 020 | |a9780660396996 |
| 040 | |aCaOODSP|bfre|erda|cCaOODSP |
| 041 | 0 |afre|bfre|beng |
| 043 | |an-cn-qu |
| 086 | 1 |aFs97-4/3220F-PDF |
| 100 | 1 |aLacasse, Olivia, |eauteur. |
| 245 | 10|aPrise d'images vidéo sur engins de pêche lors de missions scientifiques pour caractériser la biodiversité et l'habitat benthique en milieu côtier / |cpar Olivia Lacasse et Virginie Roy. |
| 264 | 1|aMont-Joli, QC : |bPêches et océans Canada, Institut Maurice-Lamontagne, |c2021. |
| 264 | 4|c©2021 |
| 300 | |a1 ressource en ligne (v, 40 pages) : |billustrations en couleur, cartes on couleur. |
| 336 | |atexte|btxt|2rdacontent/fre |
| 337 | |ainformatique|bc|2rdamedia/fre |
| 338 | |aressource en ligne|bcr|2rdacarrier/fre |
| 490 | 1 |aRapport manuscrit canadien des sciences halieutiques et aquatiques, |x1488-5468 ; |v3220 |
| 500 | |aPublié aussi en anglais sous le titre : Video footage captured by fishing gear during scientific missions to characterize biodiversity and benthic habitats in coastal environments. |
| 504 | |aComprend des références bibliographiques (pages 29-30). |
| 546 | |aComprend des résumés en français et en anglais. |
| 650 | 6|aInventaires écologiques|zQuébec (Province)|zSaint-Laurent, Estuaire du|xAppareils et matériel. |
| 650 | 6|aFaune benthique|zQuébec (Province)|zSaint-Laurent, Estuaire du. |
| 710 | 1 |aCanada. |bMinistère des pêches et des océans, |eorganisme de publication. |
| 710 | 2 |aInstitut Maurice-Lamontagne, |eorganisme de publication. |
| 775 | 08|tVideo footage captured by fishing gear during scientific missions to characterize biodiversity and benthic habitats in coastal environments / |w(CaOODSP)9.901789 |
| 830 | #0|aRapport manuscrit canadien des sciences halieutiques et aquatiques ;|v3220.|w(CaOODSP)9.501611 |
| 856 | 40|qPDF|s2.98 Mo|uhttps://publications.gc.ca/collections/collection_2021/mpo-dfo/Fs97-4-3220-fra.pdf |